Thucydides' war narrative : a structural study /

Bibliographic Details
Main Author: Dewald, Carolyn
Format: Book
Language:English
Published: Berkeley, Calif. : University of California Press, [2005]
Series:Joan Palevsky imprint in classical literature.
Subjects:
Online Access:Table of contents

MARC

Tag First Indicator Second Indicator Subfields
LEADER 00000cam a22000004a 4500
001 in00002117921
005 20151102185734.0
008 040616s2005 cau b s001 0 eng
010 |a  2004014199 
015 |a GBA573379  |2 bnb 
016 7 |a 013283057  |2 Uk 
020 |a 0520241274 (cloth : alk. paper) 
035 |a (OCoLC)ocm55671567 
040 |a DLC  |c DLC  |d UKM  |d C#P  |d UtOrBLW 
042 |a pcc 
043 |a e-gr--- 
049 |a TXAM 
050 0 0 |a DF229.T6  |b D48 2005 
082 0 0 |a 938/.05  |2 22 
100 1 |a Dewald, Carolyn. 
245 1 0 |a Thucydides' war narrative :  |b a structural study /  |c Carolyn J. Dewald. 
264 1 |a Berkeley, Calif. :  |b University of California Press,  |c [2005] 
264 4 |c ©2005 
300 |a xiv, 258 pages ;  |c 24 cm. 
336 |a text  |b txt  |2 rdacontent 
337 |a unmediated  |b n  |2 rdamedia 
338 |a volume  |b nc  |2 rdacarrier 
490 1 |a The Joan Palevsky imprint in classical literature 
504 |a Includes bibliographical references (pages 229-239) and indexes. 
600 0 0 |a Thucydides.  |t History of the Peloponnesian War. 
651 0 |a Greece  |x History  |y Peloponnesian War, 431-404 B.C.  |x Historiography. 
830 0 |a Joan Palevsky imprint in classical literature. 
856 4 1 |3 Table of contents  |u http://www.loc.gov/catdir/toc/ecip0418/2004014199.html  |t 0 
945 |i PromptCat 
947 |a A14833192299 
948 |a cataloged  |b h  |c 2006/2/3  |d c  |e achopde  |f 11:49:17 am 
994 |a 92  |b TXA 
999 |a MARS 
999 f f |s d2abe7ea-9157-3675-96fe-39ed78fe9c23  |i ce623f77-9f90-3962-b10c-cdd3c93fb17a  |t 0 
952 f f |p normal  |a Texas A&M University  |b College Station  |c Sterling C. Evans Library  |d Evans: Library Stacks  |t 0  |e DF229.T6 D48 2005  |h Library of Congress classification  |i unmediated -- volume  |m A14833192299 
998 f f |a DF229.T6 D48 2005  |t 0  |l Evans: Library Stacks